Between Man and Man.

Saved in:
Bibliografiske detaljer
Hovedforfatter: Buber, Martin (Author)
Andre forfattere: Smith, Ronald Gregor (translated, introduction)
Format: Bog
Udgivet: London, United Kingdom: The Fontana Library, 1961.
Fag:
Tags: Tilføj Tag
Ingen Tags, Vær først til at tagge denne postø!

MARC

LEADER 00000nam a22000007a 4500
003 CL-VaPUC
005 20250129114943.0
008 241212t1961 ||||| |||| 00| 0 eng d
999 |c 446307  |d 446305 
040 |c Pontificia Universidad Católica de Valparaíso 
082 |a 128 BUB 1961 
100 |a Buber, Martin  |9 348211  |e author 
245 |a Between Man and Man. 
260 |a London, United Kingdom:  |b The Fontana Library,  |c 1961. 
300 |a 256 páginas. 
500 |a c.1. Donación P.I.I.E. 2-12-2024. 
583 |c 20241212  |k Catalogador Asistente 
650 0 |a Antropología filosófica  |9 265842 
650 0 |9 362034  |a Diálogo  |x Filosofía moderna 
700 |a Smith, Ronald Gregor  |e translated, introduction  |9 894832 
942 |2 ddc  |c BK 
952 |0 0  |1 0  |2 ddc  |4 0  |6 128_000000000000000_BUB_1961  |7 0  |8 A  |9 598656  |a BIBGIM  |b BIBGIM  |c S_PSTGRDO  |d 2024-12-12  |e Donación  |i 5663631  |o 128 BUB 1961  |p 5663631  |r 2024-12-12  |t 1  |w 2024-12-12  |y BK  |k ELE